000
00222 a2200097 4500
001
25639
100
_a
Yule, G U
245
_a
Introduction to the theory of statistics
260
_a
_b
Griffin
_c
1968
090
_c
17333
_d
17333
942
_a
NUST-CAE
_c
M
_c
8151
999
_c
260712
_d
260712